Introduction to engineering materials (Record no. 65181)

000 -LEADER
fixed length control field 00420nam a22001697a 4500
003 - CONTROL NUMBER IDENTIFIER
control field NUST - PNEC
005 - DATE AND TIME OF LATEST TRANSACTION
control field 20170116180908.0
008 - FIXED-LENGTH DATA ELEMENTS--GENERAL INFORMATION
fixed length control field 150902b xxu||||| |||| 00| 0 eng d
020 ## - INTERNATIONAL STANDARD BOOK NUMBER
International Standard Book Number 0333150171
040 ## - CATALOGING SOURCE
Transcribing agency LIBRARY
082 ## - DEWEY DECIMAL CLASSIFICATION NUMBER
Classification number 620.11 JOH
100 ## - MAIN ENTRY--PERSONAL NAME
9 (RLIN) 6853
Personal name John, V. B.
245 ## - TITLE STATEMENT
Title Introduction to engineering materials
Statement of responsibility, etc. V. B. John
260 ## - PUBLICATION, DISTRIBUTION, ETC.
Date of publication, distribution, etc. c.1972
650 ## - SUBJECT ADDED ENTRY--TOPICAL TERM
9 (RLIN) 6857
Topical term or geographic name entry element Materials
General subdivision ME
942 ## - ADDED ENTRY ELEMENTS (KOHA)
Source of classification or shelving scheme
Koha item type Book
Holdings
Withdrawn status Lost status Source of classification or shelving scheme Damaged status Not for loan Permanent Location Current Location Shelving location Date acquired Total Checkouts Full call number Barcode Date last seen Date last checked out Price effective from Koha item type
          Pakistan Navy Engineering College (PNEC) Pakistan Navy Engineering College (PNEC)     1 620.11 JOH PNECLIB-005477 01/14/2016 01/08/2016   Book
© 2023 Central Library, National University of Sciences and Technology. All Rights Reserved.